El protagonismo del pino en la provincia de Misiones /

Detalles Bibliográficos
Autor principal: Pereyra, Adriana Beatriz
Formato: Libro
Publicado: Luján : Universidad Nacional de Luján, 1999.
Materias:
Etiquetas: Agregar Etiqueta
Sin Etiquetas, Sea el primero en etiquetar este registro!

MARC

LEADER 00000nam a22000004a 4500
001 AR-BbUGT3888
003 AR-BbUGT
005 20210426110652.0
007 ta
008 061101t1999 |||a |0|||0| d
999 |c 11204  |d 11204 
020 |a 987-9285-02-6 
040 |a AR-BbUGT  |b spa  |c AR-BbUGT 
082 0 4 |a 634.9751 
100 1 |a Pereyra, Adriana Beatriz. 
245 1 3 |a El protagonismo del pino en la provincia de Misiones /   |c Adriana Beatriz Pereyra. 
260 |a Luján :   |b Universidad Nacional de Luján,   |c 1999. 
300 |a 231 p. :   |b il. 
504 |a Glosario: p. 224-225Bibliografía: p. 226-228. 
651 4 |9 293  |a Misiones (Argentina : Provincia) 
653 |a Recurso forestal 
653 |a Bosques 
653 |a Economia forestal 
653 |a Pino 
653 |a Silvicultura 
653 |a Producción forestal 
653 |a Economia agraria 
653 |a Impacto ambiental 
653 |a Industria celulosica 
942 |c BK  |h 634.9751  |i P415  |2 ddc  |6 634_975100000000000_P415